[Event "Turin olympic op-A"]
[Site "Turin"]
[Date "2006.05.27"]
[Round "7"]
[White "Villalba, Fernando"]
[Black "Palmisano, Giuseppe"]
[Result "1-0"]
[WhiteElo "1892"]
[BlackElo "1951"]
[PlyCount "54"]
[EventDate "2006.05.22"]
[EventType "swiss"]
[EventRounds "9"]
[EventCountry "ITA"]
[SourceTitle "EXT 2011"]
[Source "ChessBase"]
[SourceDate "2010.11.26"]
[SourceVersion "1"]
[SourceVersionDate "2010.11.26"]
[SourceQuality "1"]

1. e4 c5 2. Nf3 d6 3. d4 cxd4 4. Nxd4 Nf6 5. Nc3 a6 6. Be2 e6 7. 0-0 Be7 8. h3 Qc7 9. a3 Nc6 10. Nxc6 bxc6 11. Bf3 d5 12. exd5 cxd5 13. Bg5 0-0 14. Qc1 Bb7 15. Re1 Rfd8 16. Qf4 Qxf4 17. Bxf4 Bd6 18. Bg5 Be7 19. Nd1 Rd7 20. Ne3 Rc8 21. c3 Ne8 22. Bxe7 Rxe7 23. Nxd5 Bxd5 24. Bxd5 Rd7 25. Bf3 Rd2 26. Re2 Rcd8 27. Rxd2 Rxd2 1-0

[Event "Nichelino op 6th"]
[Site "Nichelino"]
[Date "2005.10.09"]
[Round "5"]
[White "Palmisano, Giuseppe"]
[Black "Barosso, Renzo"]
[Result "1-0"]
[WhiteElo "1754"]
[BlackElo "1831"]
[PlyCount "68"]
[EventDate "2005.10.06"]
[EventType "swiss"]
[EventRounds "6"]
[EventCountry "ITA"]
[SourceTitle "EXT 2007"]
[Source "ChessBase"]
[SourceDate "2006.11.23"]
[SourceVersion "1"]
[SourceVersionDate "2006.11.23"]
[SourceQuality "1"]

1. d4 d5 2. c4 e6 3. Nc3 Nf6 4. Bg5 c6 5. Nf3 Nbd7 6. e3 Be7 7. Rc1 0-0 8. cxd5 exd5 9. Bd3 Ne4 10. Bf4 Ndf6 11. Qc2 Nxc3 12. bxc3 g6 13. 0-0 Nh5 14. Bh6 Re8 15. c4 dxc4 16. Bxc4 Ng7 17. Qb3 Ne6 18. Rfd1 Qb6 19. Qc2 Bf8 20. Bf4 Nxf4 21. exf4 Be6 22. Ng5 Qc7 23. Bxe6 fxe6 24. Qb3 Qxf4 25. Nxe6 Qf7 26. Nc7 Qxb3 27. axb3 Ba3 28. Rc2 a5 29. Kf1 Rac8 30. Nxe8 Rxe8 31. d5 c5 32. d6 Rd8 33. Re2 c4 34. bxc4 Bxd6 1-0

[Event "Nichelino op 6th"]
[Site "Nichelino"]
[Date "2005.10.07"]
[Round "2"]
[White "Palmisano, Giuseppe"]
[Black "Quagliana, Giuseppe"]
[Result "1/2-1/2"]
[WhiteElo "1754"]
[BlackElo "2101"]
[PlyCount "60"]
[EventDate "2005.10.06"]
[EventType "swiss"]
[EventRounds "6"]
[EventCountry "ITA"]
[SourceTitle "EXT 2007"]
[Source "ChessBase"]
[SourceDate "2006.11.23"]
[SourceVersion "1"]
[SourceVersionDate "2006.11.23"]
[SourceQuality "1"]

1. d4 e6 2. c4 f5 3. Nc3 Nf6 4. g3 c6 5. Bg2 d5 6. cxd5 exd5 7. Bg5 Be7 8. Bxf6 Bxf6 9. e3 0-0 10. Nge2 b6 11. Nf4 Qd6 12. Nfxd5 Kh8 13. Nxf6 Rxf6 14. 0-0 Ba6 15. Re1 Nd7 16. d5 Bb7 17. dxc6 Bxc6 18. Qxd6 Rxd6 19. Rad1 Rxd1 20. Rxd1 Bxg2 21. Kxg2 Nf6 22. Rd4 g6 23. Nd5 Nxd5 24. Rxd5 Rc8 25. b3 Rc7 26. h4 Kg7 27. Kf3 Kf6 28. Rd2 Re7 29. Kf4 Re4+ 30. Kf3 Re7 1/2-1/2

[Event "Torino op 4th"]
[Site "Torino"]
[Date "2002.09.??"]
[Round "1"]
[White "De Santis, Alessio"]
[Black "Palmisano, Giuseppe"]
[Result "1-0"]
[WhiteElo "2243"]
[BlackElo "1600"]
[PlyCount "101"]
[EventDate "2002.09.??"]
[EventType "swiss"]
[EventRounds "7"]
[EventCountry "ITA"]
[SourceTitle "EXT 2024"]
[Source "ChessBase"]
[SourceDate "2023.10.10"]
[SourceVersion "1"]
[SourceVersionDate "2023.10.10"]
[SourceQuality "1"]

1. d4 d5 2. c4 c6 3. Nc3 Nf6 4. g3 Bf5 5. Bg2 e6 6. Nf3 Bd6 7. 0-0 Nbd7 8. Nd2 0-0 9. e4 dxe4 10. Ndxe4 Be7 11. Bf4 Nxe4 12. Nxe4 Nf6 13. Nc3 Bb4 14. Qb3 Bxc3 15. bxc3 Qb6 16. c5 Qxb3 17. axb3 Rfd8 18. Ra2 Be4 19. f3 Bg6 20. Rfa1 a6 21. Bf1 Nd5 22. Bd2 f6 23. b4 Bf7 24. Kf2 Nc7 25. Rb2 Nb5 26. f4 h6 27. Rc1 Re8 28. Be3 Rad8 29. h3 Re7 30. g4 e5 31. dxe5 fxe5 32. f5 Kh7 33. h4 Nc7 34. c4 Red7 35. g5 hxg5 36. hxg5 Rf8 37. Kg3 Kg8 38. Rh2 Be8 39. Kg4 Re7 40. Bd3 Bd7 41. Rch1 g6 42. Rh8+ Kf7 43. Be4 Rxh8 44. Rxh8 gxf5+ 45. Bxf5 Bxf5+ 46. Kxf5 Ne8 47. g6+ Kg7 48. Rh7+ Kf8 49. Bh6+ Ng7+ 50. Bxg7+ Rxg7 51. Kf6 1-0